00215nam a2200085Ia 4500008004100000082001800041245005100059260000900110300001000119210430s9999 xx 000 0 und d a5714.64 P733P aPrinciples And Models Of Semiconductor Devices c1990 a497p.